| 000 | 00571nam a2200229Ia 4500 | ||
|---|---|---|---|
| 008 | 210210b2009 xxu||||| |||| 00| 0 eng d | ||
| 041 | _aeng | ||
| 082 | _a658.0037 BAPM | ||
| 100 | _aBAPORIKAR (Neeta) | ||
| 245 | _aManagement education: challenges ahead: an Indian perspective | ||
| 260 |
_aMumbai _bHimalaya Publishing House _c2009 |
||
| 300 | _a373 | ||
| 650 | _aperspective | ||
| 650 | _aManagement | ||
| 650 | _aIndian | ||
| 650 | _aeducation: | ||
| 650 | _achallenges | ||
| 650 | _aan | ||
| 650 | _aahead: | ||
| 690 | _aManagement | ||
| 906 | _a064146 | ||
| 999 |
_c139714 _d139714 |
||